Semantic and conceptual development : an ontological perspective

Αποθηκεύτηκε σε:
Λεπτομέρειες βιβλιογραφικής εγγραφής
Κύριος συγγραφέας: Keil, Frank C. 1952-
Μορφή: Βιβλίο
Γλώσσα:English
Δημοσίευση: Cambridge, Mass : Harvard University, 1979
Σειρά:Cognitive science series ; ; 1
Θέματα:
Ετικέτες: Προσθήκη ετικέτας
Δεν υπάρχουν, Καταχωρήστε ετικέτα πρώτοι!

MARC

LEADER 00000nam a2200000 i 4500
001 1/84486
008 960627s1979 eng d
020 |a 0-674-80100-8 
035 |a 1986  |c Αγορά  |l 10034453 
040 |a GR-MY-UA  |b gre  |e aacr 
041 0 |a eng 
082 0 |a 155.413 
100 1 |a Keil, Frank C.  |d 1952- 
245 1 0 |a Semantic and conceptual development :  |b an ontological perspective /  |c Frank C. Keil 
260 |a Cambridge, Mass :   |b Harvard University,   |c 1979 
300 |a 214 p. 
490 1 |a Cognitive science series  |v ; 1 
650 0 0 |a Cognition in children. 
650 0 0 |a Knowledge, Theory of. 
650 0 0 |a Psycholinguistics. 
650 0 0 |a Semantics. 
830 0 |a Cognitive science series ;  |v ; 1 
852 |a INST  |b RHODES  |e 19960627  |h 155.413 KEI  |p 005400004831  |q 005400004831  |t BK  |y 0 
909 |a Ρ  |b 006012  |c 1986